Seguridad y soberanía alimentaria: bases conceptuales para su caracterización como intereses jurídicos tutelados (Registro nro. 324735)

Detalles MARC
000 -ENCABEZADO
Número de control [NR] 01245nam a22003257a 4500
005 - FECHA Y HORA DE LA ÚLTIMA TRANSACCIÓN
control field 20240913114718.0
008 - DE LONGITUD FIJA DE DATOS DE ELEMENTOS - INFORMACIÓN GENERAL
Elementos de longitud fija [NR] 240913t ||||| |||| 00| 0 spa d
020 ## - NUMERO INTERNACIONAL NORMALIZADO PARA LIBROS [R]
Número Internacional Normalizado del libro [NR] 9786280137018
020 ## - NUMERO INTERNACIONAL NORMALIZADO PARA LIBROS [R]
Número Internacional Normalizado del libro [NR] 9786280137025
040 ## - FUENTE DE CATALOGACION [NR]
Agencia de catalogación original [NR] CO-BoUCM
Quien Cataloga David Moreno
Quien Clasifica David Moreno
041 ## - CODIGO DE IDIOMA [R]
Código de idioma para texto/pista de sonido o título separado [R] Español
100 ## - ASIENTO PRINCIPAL--NOMBRE PERSONAL [NR]
Nombre personal [NR] Vargas-Chavez, Ivan
ID Autoridad 182754
245 10 - MENCION DE TITULO [NR]
Título [NR] Seguridad y soberanía alimentaria: bases conceptuales para su caracterización como intereses jurídicos tutelados
Mención de responsabilidad, etc. [NR] Ivan vargas-Chavez, Mauricio Luna-Galvan y Alexander Cumbe-Figueroa
250 ## - MENCION DE EDICION [NR]
Mención de edición [NR] 1a. Ed
260 ## - PUBLICACION, DISTRIBUCION, ETC. (PIE DE IMPRENTA) [R]
Lugar de publicación, distribución, etc. [R] Bogota, Colombia
Nombre del editor, distribuidor, etc. [R] Ediciones Nueva Juridica
Fecha de publicación, distribución, etc. [R] 2024
300 ## - DESCRIPCION FISICA [R]
Extensión [R] 207 Paginas
650 14 - ASIENTO SECUNDARIO DE MATERIA - TERMINO TEMATICO [R]
Término temático o nombre geográfico como elemento de entrada [NR] Soberanía alimentaria
9 (RLIN) 182787
650 14 - ASIENTO SECUNDARIO DE MATERIA - TERMINO TEMATICO [R]
Término temático o nombre geográfico como elemento de entrada [NR] Seguridad alimentaria
9 (RLIN) 46347
650 14 - ASIENTO SECUNDARIO DE MATERIA - TERMINO TEMATICO [R]
Término temático o nombre geográfico como elemento de entrada [NR] Intereses jurídicos
9 (RLIN) 182788
650 14 - ASIENTO SECUNDARIO DE MATERIA - TERMINO TEMATICO [R]
Término temático o nombre geográfico como elemento de entrada [NR] Derecho alimentario
9 (RLIN) 182789
650 14 - ASIENTO SECUNDARIO DE MATERIA - TERMINO TEMATICO [R]
Término temático o nombre geográfico como elemento de entrada [NR] Protección jurídica
9 (RLIN) 182790
650 14 - ASIENTO SECUNDARIO DE MATERIA - TERMINO TEMATICO [R]
Término temático o nombre geográfico como elemento de entrada [NR] Políticas alimentarias
9 (RLIN) 182791
650 14 - ASIENTO SECUNDARIO DE MATERIA - TERMINO TEMATICO [R]
Término temático o nombre geográfico como elemento de entrada [NR] Derecho a la alimentación
9 (RLIN) 182792
650 14 - ASIENTO SECUNDARIO DE MATERIA - TERMINO TEMATICO [R]
Término temático o nombre geográfico como elemento de entrada [NR] Desarrollo sostenible
9 (RLIN) 12992
650 14 - ASIENTO SECUNDARIO DE MATERIA - TERMINO TEMATICO [R]
Término temático o nombre geográfico como elemento de entrada [NR] Justicia social
9 (RLIN) 18207
700 1# - ASIENTO SECUNDARIO - NOMBRE PERSONAL [R]
Nombre personal [NR] Luna-Galvan, Mauricio
9 (RLIN) 182793
700 1# - ASIENTO SECUNDARIO - NOMBRE PERSONAL [R]
Nombre personal [NR] Cumbe-Figueroa, Alexander
9 (RLIN) 182794
942 ## - ELEMENTOS DE ENTRADA AGREGADOS (KOHA)
Sistema de clasificación DEWEY
Tema principal Derecho
Tipo de ítem principal el descrito en 300a Libro
Edición 1
Clasificación 340.1
Parte restante de la signatura top. V297s
Título oculto en OPAC No
Existencias
Fecha de último préstamo Total préstamos Signatura topográfica Código de barras Última vez visto Ejemplar Costo de reposición Price effective from Tipo de ítem Perdido Sistema de clasificación Dañado No prestable Tipo de ítem específico Suprimido Ubicación habitual Ubicación actual Localización Fecha de creación Forma de adquisición
26/07/2025 1 340.1 V297s 100172787 03/12/2025 Ej.1 26000.00 13/09/2024 Libro   DEWEY     Libro   Claustro Claustro 3er piso 13/09/2024 Donación
    340.1 V297s 100172788 03/12/2025 Ej.2 26000.00 13/09/2024 Libro   DEWEY     Libro   Claustro Claustro 3er piso 13/09/2024 Donación